BSOP header

Introduction to Islamic theology and law / (Record no. 49416)

MARC details
000 -LEADER
fixed length control field 01213cam a2200337 i 4500
001 - CONTROL NUMBER
control field 4188989
005 - DATE AND TIME OF LATEST TRANSACTION
control field 20200310165915.0
008 - FIXED-LENGTH DATA ELEMENTS--GENERAL INFORMATION
fixed length control field 800820s1981 nju b 001 0 eng
010 ## - LIBRARY OF CONGRESS CONTROL NUMBER
LC control number 80007523
020 ## - INTERNATIONAL STANDARD BOOK NUMBER
International Standard Book Number 0691072574 :
Terms of availability $25.00
020 ## - INTERNATIONAL STANDARD BOOK NUMBER
International Standard Book Number 0691100993 (pbk.) :
Terms of availability $9.95
040 ## - CATALOGING SOURCE
Original cataloging agency DLC
Transcribing agency DLC
Modifying agency DLC
041 1# - LANGUAGE CODE
Language code of text/sound track or separate title engger
100 1# - MAIN ENTRY--PERSONAL NAME
Personal name Goldziher, Ignác,
Dates associated with a name 1850-1921.
240 10 - UNIFORM TITLE
Uniform title <a href="Vorlesungen über den Islam.">Vorlesungen über den Islam.</a>
Language of a work English
245 10 - TITLE STATEMENT
Title Introduction to Islamic theology and law /
Statement of responsibility, etc by Ignaz Goldziher ; translated by Andras and Ruth Hamori ; with an introd. and additional notes by Bernard Lewis.
260 ## - PUBLICATION, DISTRIBUTION, ETC. (IMPRINT)
Place of publication, distribution, etc Princeton, N.J. :
Name of publisher, distributor, etc Princeton University Press,
Date of publication, distribution, etc c1981.
300 ## - PHYSICAL DESCRIPTION
Extent xv, 302 p. ;
Dimensions 25 cm.
336 ## - CONTENT TYPE
Content Type Term text
337 ## - MEDIA TYPE
Media Type Term unmediated
338 ## - CARRIER TYPE
Carrier Type Term volume
440 #0 - SERIES STATEMENT/ADDED ENTRY--TITLE
Title Modern classics in Near Eastern studies
500 ## - GENERAL NOTE
General note Translation of Vorlesungen über den Islam.
500 ## - GENERAL NOTE
General note Includes index.
504 ## - BIBLIOGRAPHY, ETC. NOTE
Bibliography, etc Bibliography: p. 269-295.
650 #0 - SUBJECT ADDED ENTRY--TOPICAL TERM
Topical term or geographic name as entry element Islam.
700 1# - ADDED ENTRY--PERSONAL NAME
Personal name Lewis, Bernard,
Dates associated with a name 1916-2018.
856 42 - ELECTRONIC LOCATION AND ACCESS
Materials specified Publisher description
Uniform Resource Identifier <a href="http://www.loc.gov/catdir/enhancements/fy1505/80007523-d.html">http://www.loc.gov/catdir/enhancements/fy1505/80007523-d.html</a>
906 ## - LOCAL DATA ELEMENT F, LDF (RLIN)
a 7
b cbc
c orignew
d u
e ocip
f 19
g y-gencatlg
942 ## - ADDED ENTRY ELEMENTS (KOHA)
Source of classification or shelving scheme Library of Congress Classification
Item type Books
Holdings
Withdrawn status Lost status Source of classification or shelving scheme Damaged status Not for loan Home library Current library Shelving location Date acquired Inventory number Total Checkouts Full call number Barcode Date last seen Price effective from Koha item type
    Library of Congress Classification     BSOP Library BSOP Library GC 03/10/2020 9379   BP161 G56 1981 00020711 03/10/2020 03/10/2020 Books
BSOP

Biblical Seminary of the Philippines
  All rights Reserved
  © 2024

CONTACT INFORMATION

Biblical Seminary of the Philippines,
  77-B Karuhatan Road, Valenzuela City,
  PHILIPPINES 1441
  Phone: +632 8292-6795 / 8292-6798
  Fax : +632 8292-6675
  Email: library@bsop.edu.ph